El sitio de las abras /
Enregistré dans:
| Auteur principal: | |
|---|---|
| Format: | Inconnue |
| Langue: | Spanish |
| Publié: |
San José, Costa Rica :
Editorial Costa Rica,
1999.
|
| Édition: | 10. edición |
| Sujets: | |
| Tags: |
Ajouter un tag
Pas de tags, Soyez le premier à ajouter un tag!
|
MARC
| LEADER | 000000000a22000000004500 | ||
|---|---|---|---|
| 001 | 008101 | ||
| 008 | 200211b xxu||||| |||| 00| 0 spa d | ||
| 020 | |a 9977234663 | ||
| 041 | 0 | |a spa | |
| 082 | 0 | 4 | |a CR863.4 |b D633s10 |
| 100 | 1 | |a Dobles Rodríguez, Fabián, |d 1918-1997 | |
| 245 | 1 | 3 | |a El sitio de las abras / |c Fabián Dobles Rodríguez. |
| 250 | |a 10. edición | ||
| 260 | 1 | |a San José, Costa Rica : |b Editorial Costa Rica, |c 1999. | |
| 300 | |a 198 páginas ; |c 21 x 13 cm. | ||
| 650 | 4 | |a LITERATURA COSTARRICENSE |9 76 | |
| 650 | 4 | |a NOVELA | |
| 942 | |c BK |2 ddc | ||
| 999 | |c 13713 |d 13713 | ||



